000 01080nas a2200361 4500
001 BR2011004347
003 BR-BrBNA
005 20231205115046.0
007 ta
008 230509b bl.|||p| |||| 00| 00por d
040 _aBR-BrBNA
_bpor
_cBiblioteca Nacional de Agricultura
041 _a(Pt)
072 _aP33; P35
100 1 _aInocêncio, M.F.
100 1 _aNovelino, J.O.
100 1 _aPaim, L.R.
100 1 _aGutierrez, R.S.
245 1 _aEfeito da aplicação de basalto triturado nas características químicas de amostras de solo do estado de Mato Grosso do Sul
650 _aQUÍMICA DO SOLO
650 _aANÁLISE QUÍMICA
650 _aPH
650 _aFERTILIDADE DO SOLO
650 _aLATOSSOLO VERMELHO
650 _aACIDEZ DO SOLO
650 _aCORRETIVO
650 _aROCHA
650 _aCÁLCIO
650 _aMAGNÉSIO
650 _aMATO GROSSO DO SUL
773 0 _tRevista Caatinga (Brazil)
_xISSN 0100-316X
_g(Oct-Dec 2009), v. 22(4) p. 145-151
_wBR2011004347
909 _a202311
_bLúcia
_c55
_dLúcia Elande
942 _2AGRIS
_n0
_cANA
999 _c211883
_d211883